000 00584 a2200217 4500
005 20260314095116.0
008 260313b |||||||| |||| 00| 0 eng d
020 _a9789350024126
_cRs. 650.00
040 _aMAIN
082 _a335.41
_bL968H
100 _aLukacs, Georg
245 _aHistory and class consciousness: Studies in Maxist dialecties
260 _bAakar Books
_aDelhi
_c2025
300 _axlvii, 356
650 _aEconomics
650 _aSocialism
650 _aMarxism
650 _aDialectical Materialism
700 _aLivingstone, Rodney, tr.
942 _cBK
999 _c394664
_d394664